| 000 | 01636nam a2200229Ia 4500 | ||
|---|---|---|---|
| 003 | Ost | ||
| 005 | 20260416102359.0 | ||
| 008 | 260416s9999||||xx |||||||||||||| ||und|| | ||
| 040 | _cfsecg | ||
| 041 | _aara | ||
| 082 | _a658.4012 | ||
| 100 |
_aصدوقي، عقيلة _eمؤلف |
||
| 245 | 0 |
_a اليقظة الإستراتيجية والمؤسسة : _bموجهة لطلبة السنة الثانية ماستر تخصص اقتصاد و تسيير المؤسسات / _c عقيلة صدوقي |
|
| 260 |
_aالجزائر _bجامعة الجزائر3: كلية العلوم الإقتصادية، العلوم التجارية وعلوم التسيير _c2022 |
||
| 300 |
_a115 ورقة _bايضاحات _c30 سم |
||
| 504 | _aالمراجع ص.110 | ||
| 520 | _aبيئة المؤسسة ، مفاهيم حول اليقظة الاستراتيجية ، مجالات و وظائف اليقظة الاستراتيجية ، سيرورة اليقظة الاستراتيجية ،متطلبات اليقظة الاستراتيجية ، المعلومة كمورد استراتيجي في المؤسسة ، الامن المعلوماتي ، الجماعات الظاغطة Lobbying : البعد الهجومي لليقظة الاسترايجية ، واقع اليقظة الاستراتيجية في الجزائر ، أسئلة اختبار الفهم . | ||
| 653 | _aالتخطيط الاداري | ||
| 653 | _aالتخطيط الاستراتيجي | ||
| 710 |
_aجامعة الجزائر3: كلية العلوم الإقتصادية، العلوم التجارية وعلوم التسيير _eناشر علمي |
||
| 942 | _cHANDOUT | ||
| 999 |
_c41354 _d41354 |
||